00487 2200169 4500245004600000020002200046250001100068100002300079700002400102650002100126005001900147260009700166041001400263084001100277300002000288336000900308 aKamus PerhotelancHardini RahmawatihText a978-602-437-925-4 aCet. 1 aHardini Rahmawati; aDina Alfiyanti Fasa aKamus Perhotelan a20241031111438 aJakartabBadan Pengembangan Bahasa dan Perbukuan Kementerian Pendidikan dan Kebudayaanc2019 aIndonesia a647.03 a151 Hlm. :cPDF atext